Paroles - Vesoul - Jacques Brel - Statistiques

Statistiques générales
  • Ce quiz a été pris 1 499 fois
  • Le résultat moyen est 424 sur 500
Statistiques - réponses
Paroles % Correct
a
99%
à
99%
A
99%
n'a
99%
ta
99%
on
98%
On
98%
Vesoul
98%
voir
98%
vu
98%
Et
97%
et
97%
voulu
97%
mère,
96%
mère
96%
soeur
96%
soeur,
96%
T'as
96%
Par
93%
je
92%
Je
92%
Paris
92%
le
91%
Le
91%
J'ai
90%
j'ai
90%
la
89%
pas
89%
Mais
88%
plus
88%
te
88%
De
87%
de
87%
Comme
86%
toujours
86%
toujours...
86%
quitté
85%
les
84%
n'irai
84%
aimé
83%
dis
83%
Honfleur
83%
loin
82%
Tous
81%
tous
81%
horreur
79%
l'accordéon
79%
préviens
79%
valse
78%
Vierzon
77%
Vierzon...
77%
J'irai
76%
musette
76%
Hambourg
74%
D'ailleurs,
73%
D'ailleurs
73%
du
72%
revu
71%
flonflons
70%
qu'ses
67%
l'Mont
66%
ça
65%
redis
65%
hasard
64%
Valérien
63%
Anvers
62%
faubourgs
62%
Mont
62%
gare
60%
mal
59%
dans
58%
St-Lazare
57%
fleurs
56%
chauffe
55%
chauffe...
55%
Dutronc
55%
l'Cantal
55%
Au
54%
Elle
54%
voulais
54%
Marcel
53%
est
51%
fait
51%
C'est
49%
était
49%
Pigalle
49%
d'Hortense
48%
fini
47%
Hortense
47%
re-redis...
46%
voyage
45%
cher
41%
pour
41%
sais
40%
c'que
36%
Byzance
35%
tant
34%
pis
32%
Maintenant
28%
j'confonds
27%
Puisque
27%
Kaï
25%
kaï
25%
gars
16%
Chauffez
15%
Aucun quiz correspondant
Distribution des résultats
% des personnes avec chaque résultat
Percentile par nombre de réponses
Votre historique - résultats
Vous n’avez pas pris ce quiz